| 000 | 00715cam a2200229 a 4500 | ||
|---|---|---|---|
| 001 | 000019359 | ||
| 005 | 20200929170008.0 | ||
| 008 | 100626s1985 sp 000 0 spa d | ||
| 020 | _a8400060954 | ||
| 040 |
_aDO-SdBNP _bspa _cBNPHU |
||
| 082 |
_a861.44 _bE77p |
||
| 100 | 1 |
_aEsquillor, Mariano _d1919- _916724 |
|
| 245 | 1 | 0 |
_aPaisajes vivos / _cMariano Esquillor. |
| 260 |
_aZaragoza : _bInstitución "Fernando el Católico", _c[1985] . |
||
| 300 |
_a62 p. ; _c24 cm. |
||
| 490 | 1 |
_aSan Jorge : _v45 |
|
| 500 | _aIncluye datos biográficos del autor en la solapa de la cubierta. | ||
| 650 | 4 |
_aPoesía española _9631 |
|
| 650 | 4 |
_aLiteratura española _9632 |
|
| 830 | 0 |
_aSan Jorge _v45 _914367 |
|
| 049 | _aBNGR | ||
| 999 |
_c18876 _d18876 |
||